L'Estat de la ciutat 1983 - 1990 : discursos de balanç d'any / de Pasqual Maragall i Mira, Alcalde de Barcelona discursos de balanç d'any / de Pasqual Maragall i Mira, Alcalde de Barcelona
Descripción Física:
189 p. ; 21 cm
Colección:
Col·lecció Alcaldia ; 1
MARC
| LEADER | 00000nam a2200000Ia 4500 | ||
|---|---|---|---|
| 001 | 11.515 | ||
| 008 | 160829s1991 xx 000 0 cat d | ||
| 080 | |a M-3-1 | ||
| 100 | |a Maragall, Pasqual, |d 1941- |9 1678 | ||
| 245 | |a L'Estat de la ciutat 1983 - 1990 : |b discursos de balanç d'any / de Pasqual Maragall i Mira, Alcalde de Barcelona | ||
| 260 | |a Barcelona : |b Ajuntament, |c 1991 | ||
| 300 | |a 189 p. ; |c 21 cm | ||
| 490 | |a Col·lecció Alcaldia ; 1 | ||
| 650 | |a Obres públiques |x Barcelona |x 1983/1990 |9 31937 | ||
| 650 | |a Barcelona |x Política i govern |x 1975- |9 31938 | ||
| 650 | |a Barcelona |x Administració pública |x 1983/1990 |9 31939 | ||
| 901 | |a Arxiu | ||
| 942 | |n 1 | ||
| 952 | |0 0 |1 0 |4 0 |6 M31 |7 1 |9 45811 |a Arxiu |b Arxiu |d 2016-12-01 |l 0 |o M-3-1 |p 11.515 |r 2016-12-01 00:00:00 |w 2016-12-01 |y ARXIU | ||
| 999 | |c 49311 |d 49311 | ||